Manual didáctico de ortografía: (Registro nro. 8260)

Detalles MARC
000 -LIDER
fixed length control field 00777nam a22002297a 4500
001 - NÚMERO DE CONTROL
Identificador de número de control 008
003 - IDENTIFICACDOR DE NÚMERO DE CONTROL
control field DO-SdBNP
005 - DATE AND TIME OF LATEST TRANSACTION
control field 20171109110621.0
007 - CAMPOS FIJOS DE DESCRIPCIÓN FÍSICA
fixed length control field 008
008 - ELEMENTOS DE LONGITUD FIJA
fixed length control field 150918b20uu sp xxu||||| |||| 00| 0 spa d
020 ## - ISBN
International Standard Book Number 9788495920140
040 ## - FUENTE DE CATALOGACIÓN
Agencia que crea de manera original el registro BPMSU
Idioma de catalogación spa
Agencia que realiza la transcripción BPMSU
092 ## - LOCALLY ASSIGNED DEWEY DECIMAL CALL NUMBER
Número de clasificación 461
Número de ítem (Cutter) C149m
100 10 - ASIENTO PRINCIPAL -- NOMBRE PERSONAL
Nombre personal Calero B., Mercedes
245 ## - MENCIÓN DE TITULO
Título Manual didáctico de ortografía:
Subtítulo adaptado a las nuevas normas ortográficas de las academias de la lengua española y de América Latina /
Mención de responsabilidad Mercedes Calero B.
260 ## - PUBLICACIÓN, DISTRIBUCIÓN, ETC. (PIE DE IMPRENTA)
Lugar de publicación, distribución, etc Madrid, España :
Nombre del editor, distribuidor, etc. Cooperación editorial
Fecha de publicación, distribución, etc [200?]
300 ## - DESCRIPCIÓN FÍSICA
Extensión 206 p. :
Otros detalles físicos il. ;
Dimensiones 21 cm.
650 ## - ENCABEZAMIENTO DE MATERIA--TEMÁTICO
Término temático o nombre geográfico como elemento de entrada ESPAÑOL
Subdivisión temática general ORTOGRAFÍA
-- ENSEÑANZA
910 ## - VALIDACIÓN
Validación Validado. Control de calidad MFF
942 ## - ADDED ENTRY ELEMENTS (KOHA)
Source of classification or shelving scheme Dewey Decimal Classification
Koha item type Libros
945 ## - INFORMACIÓN DE PROCESAMIENTO LOCAL
Información de procesamiento local Inventariado extranjero / 2017 VM
Existencias
Withdrawn status Lost status Source of classification or shelving scheme Damaged status Not for loan Collection code Home library Current library Date acquired Source of acquisition Total Checkouts Full call number Barcode Date last seen Price effective from Koha item type Copy number
    Dewey Decimal Classification     Colección General Biblioteca Pública Metropolitana Salomé Ureña Biblioteca Pública Metropolitana Salomé Ureña 09/18/2015 Compra   461 C149m BPMSU15090097 09/18/2015 09/18/2015 Libros  
    Dewey Decimal Classification     Colección General Biblioteca Pública Metropolitana Salomé Ureña Biblioteca Pública Metropolitana Salomé Ureña 09/18/2015 Compra   461 C149m BPMSU15090098 09/18/2015 09/18/2015 Libros e. 2
    Dewey Decimal Classification     Colección General Biblioteca Pública Metropolitana Salomé Ureña Biblioteca Pública Metropolitana Salomé Ureña 09/18/2015 Compra   461 C149m BPMSU15090099 09/18/2015 09/18/2015 Libros e. 3